000 00659nam a2200265Ia 4500
005 20260121165215.0
008 008 260114s9999 xx 000 0 eng d
020 _a9788132225621
037 _aEBOOK
040 _aCRL
040 _beng
040 _cCRL
041 _2eng
041 _aeng
084 _qCRL
100 _aT.V.S. Ramamohan Rao
_91048830
245 0 _aRisk Sharing, Risk Spreading and Efficient Regulation
260 _bSpringer
260 _bSpringer
260 _c2016
856 _uhttps://link.springer.com/openurl?genre=book&isbn=978-81-322-2562-1
942 _cEBOOK
999 _c1614555
_d1614555